000 00705nam a22001937a 4500
008 131021t sp||||| |||| 00| 0 spa d
020 _a8487682685
050 0 4 _aLC1033.5 A54
_bF54 2006
245 0 0 _aFlexibilidad y competencias profesionales en las universidades iberoamericanas /
_cRené Pedroza Flores comp.
250 _a1a ed.
260 _aBarcelona, España :
_bPomares ,
_c2006
300 _a216 p. ;
_c23cm.
440 _aColección Pedagógica Mundi
504 _aIncluye :Bibliografía e índice
650 4 _aEducación Superior
_vEvaluación
_zAmerica Latina
650 4 _aPlanificación curricular
_zAmerica Latina
700 _aPedroza Flores, René,
_ecomp.
942 _2lcc
_cLIB
999 _c43537
_d43537